Welcome to CU Library Online Public Access Catalogue (OPAC)

Crossroads (Record no. 1165)

MARC details
000 -LEADER
fixed length control field 00346nam a22001097a 4500
005 - DATE AND TIME OF LATEST TRANSACTION
control field 20241114093640.0
008 - FIXED-LENGTH DATA ELEMENTS--GENERAL INFORMATION
fixed length control field 241114b |||||||| |||| 00| 0 eng d
245 ## - TITLE STATEMENT
Title Crossroads
Remainder of title Readings in the Social Problems
Statement of responsibility, etc. Editor: Tiemann Kathleen A.
260 ## - PUBLICATION, DISTRIBUTION, ETC.
Place of publication, distribution, etc. Buston, USA
Name of publisher, distributor, etc. Pearson Custom Publishing
Date of publication, distribution, etc. 2001
300 ## - PHYSICAL DESCRIPTION
Extent 70 pages
Dimensions 22 cm
942 ## - ADDED ENTRY ELEMENTS (KOHA)
Source of classification or shelving scheme Library of Congress Classification
Koha item type Books
Suppress in OPAC No
999 ## -
-- 1165
-- 1165
Holdings
Withdrawn status Lost status Source of classification or shelving scheme Damaged status Not for loan Collection Home library Current library Shelving location Date acquired Total checkouts Full call number Barcode Date last seen Copy number Price effective from Koha item type
    Library of Congress Classification     Non-fiction Law Library (Miotso) Law Library (Miotso) General stacks 11/14/2024   HN 5 CRO LLM00000957 11/14/2024 1 11/14/2024 Books
© 2023-2024 Copyright: Central University Libraries. All Rights Reserved | Created by: Mahone Tech Office